| 000 | 00425nam a22001697a 4500 | ||
|---|---|---|---|
| 020 | _a818501552X | ||
| 082 | _a515 FIN | ||
| 100 | _aFinney, Ross L. | ||
| 245 | _aCalculus and analytic geometry | ||
| 250 | _a6th | ||
| 260 |
_aNew Delhi _bNarosa Publishing House _c1993 |
||
| 300 | _aVarious pages. | ||
| 500 | _aIncludes index. | ||
| 650 | _a1.Calculus 2. Geometry, Analytic | ||
| 700 | _aThomas, George B. | ||
| 942 | _cBK | ||
| 999 |
_c13714 _d13714 |
||